Principal of Heating, Ventilation,and Air Conditioning in Buildings / (Record no. 36084)
[ view plain ]
| 000 -LEADER | |
|---|---|
| fixed length control field | 00559nam a22001817a 4500 |
| 005 - DATE AND TIME OF LATEST TRANSACTION | |
| control field | 20240709121046.0 |
| 008 - FIXED-LENGTH DATA ELEMENTS--GENERAL INFORMATION | |
| fixed length control field | 240709b |||||||| |||| 00| 0 eng d |
| 020 ## - INTERNATIONAL STANDARD BOOK NUMBER | |
| ISBN | 9780470624579 |
| 082 ## - DEWEY DECIMAL CLASSIFICATION NUMBER | |
| Classification number | 697 |
| Item number | MIT-P |
| 100 ## - MAIN ENTRY--AUTHOR | |
| Author Name | Mitchell;John.W |
| 245 ## - TITLE STATEMENT | |
| Title | Principal of Heating, Ventilation,and Air Conditioning in Buildings / |
| Statement of responsibility, etc. | by Mitchell John W. ;James E. Braun |
| 260 ## - PUBLICATION, DISTRIBUTION, ETC. | |
| Place of Publication | USA : |
| Name of publisher, distributor, etc. | John & Wiley ; |
| Date of publication, distribution, etc. | 2013 . |
| 300 ## - PHYSICAL DESCRIPTION | |
| Pages | xxiii, 600 p : |
| 500 ## - GENERAL NOTE | |
| General note | Includes Index |
| 650 ## - SUBJECT ADDED ENTRY--TOPICAL TERM | |
| Subject / Department | Mechanical / Engineering |
| 700 ## - ADDED ENTRY--PERSONAL NAME | |
| Personal name | Braun,James E. |
| 300 ## - PHYSICAL DESCRIPTION | |
| -- | 26 cm. |
| 952 ## - LOCATION AND ITEM INFORMATION (KOHA) | |
| -- | 0 |
| -- | 0 |
| Lost status | Damaged status | Collection code | Permanent Location | Current Location | Shelving Location | Date acquired | Full Call Number | Accession No./Barcode | Date last seen | item type | Koha item type |
|---|---|---|---|---|---|---|---|---|---|---|---|
| Engineering | Superior Information Resource Center (SIRC) Superior University- Main Campus | Superior Information Resource Center (SIRC) Superior University- Main Campus | Engineering | 07/09/2024 | 697 MIT-P 2013 | 7495 | 07/09/2024 | BOOK | BOOK |
